Statistics for Movies with Animals in the Title #2

Click here to take the quiz!

General Stats

  • This quiz has been taken 67,957 times
    (13,420 since last reset)
  • The average score is 18 of 24

Answer Stats

Movies % Correct
Kung Fu {Panda}
97%
Crouching {Tiger}, Hidden Dragon
94%
To Kill a {Mockingbird}
93%
Who Framed Roger {Rabbit}
92%
Babe: {Pig} in the City
90%
{Cat} on a Hot Tin Roof
88%
The Princess and the {Frog}
87%
Of {Mice} and Men
87%
Wag the {Dog}
85%
Black {Hawk} Down
80%
Fantastic Mr. {Fox}
76%
{Beetle}juice
74%
X-Men Origins: {Wolverine}
74%
Ant-Man and the {Wasp}
69%
Mr. Popper's {Penguins}
68%
{Chicken} Little
65%
The Maltese {Falcon}
64%
{Coyote} Ugly
62%
The {Deer} Hunter
59%
Kiss of the {Spider} Woman
54%
Lone {Wolf} McQuade
53%
{Bull} Durham
50%
Twelve {Monkeys}
48%
Black {Snake} Moan
45%

Score Distribution

Percentile by Number Answered

Percent of People with Each Score

Your Score History

You have not taken this quiz since the last reset